Design of concrete mixes / (Record no. 527184)

000 -LEADER
fixed length control field 00465nam a22001577a 4500
020 ## - INTERNATIONAL STANDARD BOOK NUMBER
International Standard Book Number 9788123924670
082 ## - DEWEY DECIMAL CLASSIFICATION NUMBER
Classification number 624.1834
Author Mark RAJ
100 ## - MAIN ENTRY--PERSONAL NAME
Personal name Raju, N Krishna
245 ## - TITLE STATEMENT
Title Design of concrete mixes /
Statement of responsibility, etc. N Krishna Raju
260 ## - PUBLICATION, DISTRIBUTION, ETC.
Place of publication, distribution, etc. India :
Name of publisher, distributor, etc. CBS Publishers & distributors,
Date of publication, distribution, etc. 2014.
300 ## - PHYSICAL DESCRIPTION
Extent 396 p. ;
942 ## - ADDED ENTRY ELEMENTS (KOHA)
Source of classification or shelving scheme
Koha item type Book
650 ## - SUBJECT ADDED ENTRY--TOPICAL TERM
Topical term or geographic name entry element Concrete Mix design - Engineering
650 ## - SUBJECT ADDED ENTRY--TOPICAL TERM
-- 18318
Holdings
Withdrawn status Lost status Source of classification or shelving scheme Damaged status Not for loan Permanent Location Current Location Shelving location Date acquired Source of acquisition Cost, normal purchase price Full call number Barcode Date last seen Copy number Price effective from Koha item type
          NUST Baluchistan Campus (NBC) NUST Baluchistan Campus (NBC) Book Cart 07/23/2019 Purchased 0.00 624.1834 RAJ Q-118 07/23/2019 1 07/23/2019 Book
          NUST Baluchistan Campus (NBC) NUST Baluchistan Campus (NBC) Book Cart 07/23/2019 Purchased 0.00 624.1834 RAJ Q-119 07/23/2019 2 07/23/2019 Book
© 2023 Central Library, National University of Sciences and Technology. All Rights Reserved.